|
|
|
|
| LEADER |
01831nam a2200337 a 4500 |
| 001 |
0020908 |
| 003 |
BD-DhAAL |
| 008 |
100927s1967 bg w 000 0 eng d |
| 040 |
|
|
|a BD-DhAAL
|c BD-DhAAL
|
| 082 |
0 |
0 |
|a 348.5492046
|2 22
|
| 130 |
0 |
|
|a DLR
|
| 245 |
0 |
4 |
|a The Dacca law reports :
|b fortnightly law journal : table of cases of the High Court of East Pakistan.
|n Volume XIX /
|c Obaidul Haque Chowdhury, editor.
|
| 246 |
1 |
7 |
|a The Dhaka Law Reports.
|
| 260 |
|
|
|a Dacca [Bangladesh] :
|b Dacca Law Reports,
|c 1967.
|
| 300 |
|
|
|a 545, 116 p. ;
|c 25 cm
|
| 362 |
0 |
|
|a Vol. 19 (1967)
|
| 500 |
|
|
|a Table of cases of the High Court of East Pakistan.
|
| 500 |
|
|
|a "A journal of law reports."
|
| 500 |
|
|
|a Latest issue consulted: Vol.XIX, January to December,1967
|
| 526 |
|
|
|a SOL
|x Saira Rahman Khan,
Associate Professor
School of Law
BRAC University
|
| 541 |
|
|
|e 0020908, 0022300
|a Anupam Gyan Bhandar
|
| 590 |
|
|
|a Published yearly.
|
| 650 |
|
0 |
|a Law reports, digests, etc.
|z Bangladesh.
|
| 650 |
|
0 |
|a Law reports, digests, etc.
|z India
|z Bengal.
|
| 710 |
1 |
|
|a Chowdhury, Obaidul Haque.
|9 3864
|
| 852 |
1 |
|
|a Ayesha Abed Library
|c Reference shelf
|
| 942 |
|
|
|2 ddc
|c 1HOUR
|
| 999 |
|
|
|c 10665
|d 10665
|
| 952 |
|
|
|0 0
|1 0
|2 ddc
|4 0
|6 348_549204600000000_DAC
|7 0
|8 REF
|9 16032
|a BRACUL
|b BRACUL
|c REF
|d 2011-04-10
|l 4
|o 348.5492046 DAC
|p 3010022300
|r 2016-10-31
|s 2016-10-31
|t 2
|w 2011-04-10
|y 1HOUR
|
| 952 |
|
|
|0 0
|1 0
|2 ddc
|4 0
|6 348_549204600000000_DAC
|7 0
|8 REF
|9 24028
|a BRACUL
|b BRACUL
|c REF
|d 2014-03-29
|e Anupam Gyan Bhandar
|l 0
|o 348.5492046 DAC
|p 3010020908
|r 2014-03-29
|t 1
|w 2014-03-29
|y 1HOUR
|x Requisitioned by Saira Rahman Khan, Associate Professor, School of Law, BRAC University.
|
| 952 |
|
|
|0 0
|1 0
|2 ddc
|4 0
|6 348_549200000000000_046_DAC
|7 0
|8 REF
|9 54155
|a BRACUL
|b BRACUL
|c REF
|d 2015-06-08
|g 994.00
|l 1
|o 348.5492046 DAC
|p 3010029133
|r 2016-11-14
|s 2016-11-14
|t 3
|w 2015-06-08
|y 1HOUR
|